000 00473nam a2200193Ia 4500
005 20240823020706.0
008 240823s9999||||xx |||||||||||||| ||und||
020 _a81-7002-091-3
041 _aENGLISH
082 _A629.1325 P5
100 _a"Powell,James"
245 0 _aAircraft Systems
250 _a1st
260 _c2005
_bThe English Book
_aNew Delhi
500 _aTRANSFERED
650 _aAircraft
_bAeronautical Engineering
942 _cBK
999 _c175347
_d175347